| 000 | 00688nam a2200229 i 4500 | ||
|---|---|---|---|
| 001 | bg | ||
| 100 | 1 |
_aTOMANEK, Michał _d(1961- ) |
|
| 245 | 1 | 0 |
_aBudownictwo modułowe-czasowe / _cMichał Tomanek. |
| 260 |
_aKatowice : _b"Śląsk" Wydawnictwo Naukowe, _c2006. |
||
| 300 |
_a152 s. : _bil. ; _c24 cm. |
||
| 504 | _aBibliogr. | ||
| 650 | 9 | _aBudownictwo modułowe | |
| 650 | 9 |
_aArchitektura _xprojekty |
|
| 020 | _a9788371644993 | ||
| 040 | _cBPK | ||
| 041 | 0 | _apol | |
| 080 | _a72 | ||
| 920 | _a978-83-7164-499-3 | ||
| 942 | _cKS | ||
| 008 | s pl f |000 0 pol | ||
| 999 |
_c53145 _d53145 |
||
| 856 |
_uhttp://koha.tu.koszalin.pl/cgi-bin/koha/opac-detail.pl?biblionumber=53145 _yKatalog online BPK |
||